Catálogo

WHEN NIETZSCHE WEPT (Registro nro. 56582)

Detalles MARC
000 -LEADER
fixed length control field 01078nam a2200193 a 4500
001 - CONTROL NUMBER
control field 56582
005 - DATE AND TIME OF LATEST TRANSACTION
control field 20180714052415.0
008 - FIXED-LENGTH DATA ELEMENTS--GENERAL INFORMATION
fixed length control field 140415s2010 xxu 000 0 eng d
020 ## - INTERNATIONAL STANDARD BOOK NUMBER
International Standard Book Number 9780061748128
041 ## - LANGUAGE CODE
Language code of text/sound track or separate title eng
082 ## - DEWEY DECIMAL CLASSIFICATION NUMBER
Classification number 813.54
Item number YAL
100 1# - MAIN ENTRY--PERSONAL NAME
Personal name YALOM, IRVIN D.
245 10 - TITLE STATEMENT
Title WHEN NIETZSCHE WEPT
250 ## - EDITION STATEMENT
Edition statement 1a ed.
260 ## - PUBLICATION, DISTRIBUTION, ETC.
Place of publication, distribution, etc. ESTADOS UNIDOS DE AMERICA :
Name of publisher, distributor, etc. HARPER PERENNIAL,
Date of publication, distribution, etc. 2010
300 ## - PHYSICAL DESCRIPTION
Extent 310
Dimensions 13.5 x 2.2 x 20.3
520 ## - SUMMARY, ETC.
Summary, etc. IN A MANNER I COULD NEVER HAVE ANTICIPATED, MY UNCONSCIOUS PLAYED A KEY ROLE IN THE WRITING OF LOVE`S EXECUTIONER: AS I APPROACHED THE END OF THE FIRST NINE STORIES, THE NEXT ONE MYSTERIOUSLY WAFTED INTO MY MIND, AS THOUGH I HAD UNKOWINGLY CONSTRUCTED IN ADVENCE AN OUTLINE AND TABLE OF CONTENTS. WHILE I WORKED IN THE ENDING OF THE TENTH STORY. IN SEARCH OF DREAMER, ANOTHER SURPRISE WAS IN STORE DOR ME: I FOUND MYSELF UNACCOUNTABLY THINKING NOT OF ANOTHER STORY, BUT OF FRIEDRICH NIET
650 14 - SUBJECT ADDED ENTRY--TOPICAL TERM
Topical term or geographic name entry element DEPRESION MENTAL
General subdivision NIETZSCHE, FRIEDRICH WILHELM, 1844
-- 1900
-- FICCION
-- PSICOTERAPIA CENTRADA EN EL CLIENTE
Existencias
Withdrawn status Lost status Source of classification or shelving scheme Damaged status Not for loan Collection code Home library Current library Shelving location Date acquired Source of acquisition Inventory number Total Checkouts Full call number Barcode Date last seen Date last checked out Price effective from Koha item type
    Dewey Decimal Classification     General Biblioteca Karol Wojtyla Biblioteca Karol Wojtyla Sala general 03/12/2013 Compra 151000000000000000032608 2 813.54 YAL 85486 05/01/2026 18/05/2022 03/12/2013 Libro
    Dewey Decimal Classification     General Biblioteca Karol Wojtyla Biblioteca Karol Wojtyla Sala general 03/12/2013 Compra 151000000000000000032609   813.54 YAL 85484 05/01/2026 21/03/2017 03/12/2013 Libro
    Dewey Decimal Classification     General Biblioteca Karol Wojtyla Biblioteca Karol Wojtyla Sala general 03/12/2013 Compra 151000000000000000032610   813.54 YAL 85485 05/01/2026 20/02/2016 03/12/2013 Libro